| 000 | 01239cam a2200265 i 4500 | ||
|---|---|---|---|
| 003 | SA-RiAUC | ||
| 005 | 20250910120231.0 | ||
| 008 | 250907s2004 le g b 000r0 ara c | ||
| 040 |
_aSA-AbKKU _bara _cSA-RiAUC _erda |
||
| 082 | 0 | 4 |
_a415.1 _qSA-RiAUC |
| 090 |
_a415.1 _b م غ ن |
||
| 245 | 0 | 0 |
_aمغني الأديب عن كتب الأعاريب المنتخب من مغني اللبيب لابن هشام الأنصاري / _cعدة من الأساتذة الجامعيين. |
| 250 | _aالطبعة الأولى. | ||
| 264 | 1 |
_aبيروت : _bمؤسسة التاريخ العربي للطباعة والنشر والتوزيع، _c2004 |
|
| 300 |
_a207 صفحة ؛ _c24 سم |
||
| 336 |
_aنص _btxt _2rdacontent _3كتاب |
||
| 337 |
_aبدون وسيط _bn _2rdamedia |
||
| 338 |
_aمجلد _bnc _2rdacarrier |
||
| 504 | _aيشتمل على إرجاعات ببليوجرافية. | ||
| 650 | 7 |
_aاللغة العربية _xنحو _2aucsh |
|
| 700 | 1 | 2 |
_aابن هشام، عبد الله بن يوسف بن أحمد، _d708-761 هجري. _tمغني اللبيب عن كتب الأعاريب. |
| 740 | 0 | 2 | _aمغني اللبيب عن كتب الأعاريب. |
| 942 |
_2ddc _cBOOK _n0 |
||
| 949 |
_aSA-JeALM _d250907 _umohamedma123 _n1 |
||
| 999 |
_c11569 _d11569 |
||